Personnages fréquents dans Kingdom - Statistiques

Statistiques générales
  • Ce quiz a été pris 544 fois
  • Le résultat moyen est 15 sur 20
Statistiques - réponses
Hint Réponse % Correct
Protagoniste de l'oeuvre, il rêve de devenir un Grand Général sous les cieux. Shin
100%
Grand général de Qin au temps du roi Sho, il prendra sous son aile notre protagoniste Ou Ki
90%
Frère du jeune roi, il sera responsable d'un certain coup d'état. Sei Kyou
88%
Ancien grand bandit, il est le général le plus cruel de tout Qin. Kan Ki
87%
Roi rêvant d'unifier les sept Royaumes Combattants en un seul et même état. Ei Sei
86%
Commandant de la Gaku Ka, il est destiné à devenir un grand stratège Mou Ten
83%
Jeune fille mystérieuse et réservé cachant un triste passé ayant une quête bien précise. Kyou Kai
82%
Actuel membre le plus puissant des Trois Grand Cieux de Zhao, il en est le premier ministre Ri Boku
82%
Egalement Général à Qin, il élabore de nombreuses stratégies et ne laisse transparaîtreque peu d'émotions. Ou Sen
80%
Ami partageant le même rêve que ce dernier, il sera embarqué dans une affaire. Hyou
77%
Commandant de la Gyoku Hou, il est un rival pour Shin Ou Hon
76%
Ancienne membre de la tribu des montagnes, elle rejoindra une unité avec un rôle défini. Karyo Ten
74%
Général dit le plus complet de Qin, il est le fidèle bras droit d'un ancien grand général de Qin. Tou
74%
Ancien membre des Trois Grand Cieux de Zhao, il s'exilera à Wei suite à des mésententes à Zhao Ren Pa
73%
Fidèle serviteur du roi de Qin, il a notamment combattu à l'époque du Roi Sho. Shou Bun Kun
73%
Respectée par des centaines de milliers d'hommes, elle deviendra un très précieux allié. Yo Tan Wa
73%
Membres des Trois Grands Cieux de Zhao et se disant habité par le Dieu de la Guerre, il est le rival d'un certain grand général de Qin Hou Ken
69%
Général de Qin, il se fit à son instinct. Duke Hyou
66%
Responsable des affaires militaires de Qin. Shou Hei Kun
63%
Homme des montagnes qui montrera qu'il sera prêt à tout pour protéger sa reine Bajio
51%
Aucun quiz correspondant
Distribution des résultats
% des personnes avec chaque résultat
Percentile par nombre de réponses
Votre historique - résultats
Vous n’avez pas pris ce quiz